Effectiveness of the Buddhism for solving conflicts in the modern world
| Main Author: | |
|---|---|
| Other Authors: | |
| Format: | Thesis |
| Kulcsszavak: | Buddhizmus Konfliktuskezelés Vallás Vallásfilozófia |
| Online Access: | http://dolgozattar.uni-bge.hu/4677 |
MARC
| LEADER | 00000nta a2200000 i 4500 | ||
|---|---|---|---|
| 001 | dolg4677 | ||
| 005 | 20221006123440.0 | ||
| 008 | 151214suuuu hu om 000 eng d | ||
| 040 | |a BGE Dolgozattár Repozitórium |b hun | ||
| 041 | |a en | ||
| 100 | 1 | |a Koishi Toru | |
| 245 | 1 | 0 | |a Effectiveness of the Buddhism for solving conflicts in the modern world |c Koishi Toru |h [elektronikus dokumentum] |
| 695 | |a Buddhizmus | ||
| 695 | |a Konfliktuskezelés | ||
| 695 | |a Vallás | ||
| 695 | |a Vallásfilozófia | ||
| 700 | 1 | |a Marosán Dr. György |e ths | |
| 856 | 4 | 0 | |u http://dolgozattar.uni-bge.hu/4677/1/Thesis%20%28Toru%20Koishi%20HWICC7%29.pdf |z Dokumentum-elérés |